Responses for show #7467 - Tuesday, February 14, 2017

2017 College Championship quarterfinal game 2.

Contestants

Hannah Whisnant, a junior at the United States Military Academy from Nokomis, Florida

Viraj Mehta, a junior at Stanford University from Austin, Texas

Jennifer Katz, a sophomore at Macalester College from Atlanta, Georgia

Jeopardy! Round responses

STUDYING ABROAD
SCI-FI BOOKS
THE CLASSIC MARQUEE INGREDIENT
"FR"
GOTTA CRAM
TIME TO PULL AN ALL-NIGHTER
    $200 13
Oxford

Jennifer
    $200 2
the moon

Viraj
    $200 30
eggs

Hannah
    $200 18
fruitcake

Hannah
    $200 25
Ann Arbor

Viraj
    $200 19
One Direction

Hannah
    $400 14
Bangkok

Jennifer
    $400 3
World War Z

Viraj
    $400 28
beef

Jennifer
    $400 1
fraud

Viraj
    $400 10
standing room only

Hannah
    $400 20
MTV

Viraj
    $600 15
the Parthenon

Jennifer
    $1,000 4
The Hitchhiker's Guide to the Galaxy

Viraj
    $600 26
pasta

Hannah
    $600 7
a fresco

Viraj
    $600 11
standby

Viraj
    $600 21
52

Jennifer
    $800 16
Auschwitz

Viraj
    $800 5
The Maze Runner

Hannah
    $800 27
chicken

Jennifer
    $800 8
a frontman

Viraj
    $800 12
(Jennifer: What is stuffed?)
(Alex: Be more specific.)

overstuffed

Jennifer
    $800 23
Le Mans

Viraj
    $1000 17
CERN

Viraj
    $1000 6
Edge of Tomorrow

Triple Stumper
    $1000 29
crab

Triple Stumper
    $1000 9
fracking

Viraj
    $1000 22
gridlock

Hannah
    $1000 24
Hunter Hayes

Hannah

Scores at the first commercial break (after clue 15):

Jennifer Viraj Hannah
$2,000 $5,000 $1,200

Scores at the end of the Jeopardy! Round:

Jennifer Viraj Hannah
$3,800 $8,200 $4,400

Double Jeopardy! Round responses

ALL KINDS OF TV
CLASSICAL MUSIC
10-LETTER WORDS
SIX FEET UNDER
A HISTORY LESSON
GET A JOB!
    $400 29
Dr. Phil

Viraj
    $400 30
Messiah

Viraj
    $400 17
accomplice

Viraj
    $400 26
the thorax

Hannah
    $400 1
Portugal

Viraj
    $400 8
choreographer

Hannah
    $800 23
the Food Network

Hannah
    $800 5
(Viraj: What is a jingle?)

a ringtone

JenniferViraj
    $800 13
a nutcracker

Viraj
    $800 3
mosquitoes

Jennifer
    $800 2
(Hannah: What is Oregon?)

Alaska

VirajHannah
    $800 9
busboy

Hannah
    $1200 24
It's Always Sunny in Philadelphia

Viraj
    $1200 18
Mozart

Viraj
    $2,500 15
(Jennifer: What is an anagram?)
(Alex: Oh, no.)
(Jennifer: What is [*]?)
(Alex: Yep, but you didn't get it right the first time.)

a palindrome

Jennifer
    $1200 4
a stick

Viraj
    $1200 21
the Medicis

Hannah
    $1200 10
lobbyist

Hannah
    $1600 25
Criminal Minds

Jennifer
    $1600 19
viola

Viraj
    $1600 14
concentric

Jennifer
    $1600 6
bees

Viraj
    $1600 22
(John) Smith

Viraj
    $1600 11
occupational therapist

Hannah
    $2000 28
(Hannah: Who is White?)

Perry Mason

Hannah
Triple Stumper
    $2000 20
(Johann Sebastian) Bach

Viraj
    $2000 16
underscore

Hannah
    $2000 7
a bark beetle

Triple Stumper
    $3,000 27
(Hannah: Uh, Germany.)

South Africa

Hannah
    $2000 12
an architect

Viraj

Scores at the end of the Double Jeopardy! Round:

Jennifer Viraj Hannah
$6,100 $23,000 $7,000
(lock game)

Final Jeopardy! Round responses

WRITERS
JenniferWho is Williams?
$6,000
HannahWho is Miller
$6,999
VirajWho was Toole?
$0
Tennessee Williams

Final scores:

Jennifer Viraj Hannah
$12,100 $23,000 $1
2nd place: $5,000 if eliminated Automatic semifinalist 3rd place: $5,000 if eliminated

Game dynamics:

Coryat scores:

Jennifer Viraj Hannah
$8,600 $22,600 $10,000
11 R,
1 W
(including 1 DD)
27 R
(including 1 DD),
1 W
16 R,
3 W
(including 1 DD)

Combined Coryat: $41,200

The J! Archive is created by fans, for fans. The Jeopardy! game show and all elements thereof, including but not limited to copyright and trademark thereto, are the property of Jeopardy Productions, Inc. and are protected under law. This website is not affiliated with, sponsored by, or operated by Jeopardy Productions, Inc. Join the discussion at JBoard.tv.